000 00604nam a2200205 i 4500
001 C2-0296858
003 PPAK
005 20180728075154.0
008 090428s1987 my |||| ||||| | may d
040 _aPPAK
_beng
_cPPAK
_erda
082 0 4 _a378.155
_223
090 0 0 _a378.155
_bUNI
_dKIH
245 0 0 _aFakulti ekonomi
_bUniversiti kebangsaan malaysia 1986/87
264 1 _aUniversiti kebangsaan malaysia :
_bUniversiti Kebangsaan Malaysia ,
_c1987
300 _a79 pages ;
_c20 cm
336 _2rdacontent
_atext
337 _2rdamedia
_aunmediated
338 _2rdacarrier
_avolume
942 _ddc
_cB
999 _c101278
_d101278